Antequera bajo la casa de Aguilar (Record no. 126588)
[ view plain ]
| 000 -LEADER | |
|---|---|
| campo de control de longitud fija | 00938nam a2200229 i 4500 |
| 001 - NÚMERO DE CONTROL | |
| campo de control | 126588 |
| 003 - IDENTIFICADOR DE NÚMERO DE CONTROL | |
| campo de control | ES-MaACL |
| 005 - FECHA Y HORA DE LA ÚLTIMA TRANSACCIÓN | |
| campo de control | 20230906192838.0 |
| 007 - CAMPO FIJO DE DESCRIPCIÓN FÍSICA--INFORMACIÓN GENERAL | |
| campo de control de longitud fija | t| |
| 008 - DATOS DE LONGITUD FIJA--INFORMACIÓN GENERAL | |
| campo de control de longitud fija | 070214s1966 sp r ||||1| spa d |
| 100 1# - ENTRADA PRINCIPAL--NOMBRE DE PERSONA | |
| Nombre de persona | Requena, Fermín. |
| 9 (RLIN) | 96291 |
| 245 10 - MENCIÓN DEL TÍTULO | |
| Título | Antequera bajo la casa de Aguilar |
| Resto del título | : (1472-1528) / |
| Mención de responsabilidad, etc. | Fermín Requena ; prólogo de Antonio Gallardo Pozo. |
| 260 ## - PUBLICACIÓN, DISTRIBUCIÓN, ETC. | |
| Lugar de publicación, distribución, etc. | AntequeraCaja de Ahorros y Préstamos, |
| Fecha de publicación, distribución, etc. | 1966 ( |
| Lugar de fabricación/manufactura | Sevilla : |
| Fabricante | Tall. Tip. del Maestro F. Vera) |
| 300 ## - DESCRIPCIÓN FÍSICA | |
| Extensión | 104 p., 4 lám. ; |
| Dimensiones | 20 cm. |
| 490 1# - MENCIÓN DE SERIE | |
| Mención de serie | Publicaciones de la Biblioteca Antequerana de la Caja de Ahorros y Préstamos de Antequera ; |
| Designación de volumen o secuencia | 6 |
| 651 #4 - PUNTO DE ACCESO ADICIONAL DE MATERIA--NOMBRE GEOGRÁFICO | |
| Nombre geográfico | Antequera- |
| Subdivisión general | Historia. |
| 9 (RLIN) | 7784 |
| 700 1# - ENTRADA AGREGADA--NOMBRE PERSONAL | |
| Nombre de persona | Gallardo Pozo, Antonio. |
| 9 (RLIN) | 226512 |
| 830 0# - PUNTO DE ACCESO ADICIONAL DE SERIE-TÍTULO UNIFORME | |
| Título uniforme | Publicaciones de la Biblioteca Antequerana de la Caja de Ahorros y Préstamos de Antequera ; |
| Designación de volumen o secuencia | 6 |
| 9 (RLIN) | 219125 |
| 852 ## - LOCALIZACIÓN | |
| Ubicación | ES-MaACL |
| Número de control de estantería | C-31624 |
| Sublocalización o colección | R.62278 |
| 942 ## - ELEMENTOS DE ENTRADA SECUNDARIOS (KOHA) | |
| Fuente del sistema de clasificación o colocación | Clasificación decimal universal |
| Estatus retirado | Estado de pérdida | Estado de daño | No para préstamo | Biblioteca de origen | Biblioteca actual | Ubicación en estantería | Fecha de adquisición | Fuente de adquisición | Total de préstamos | Signatura topográfica completa | Código de barras | Visto por última vez | Precio de reemplazo | Tipo de ítem Koha |
|---|---|---|---|---|---|---|---|---|---|---|---|---|---|---|
| Biblioteca del Ateneo de Madrid | Biblioteca del Ateneo de Madrid | Depósito 2 | 17/01/2008 | C-31624 | 1131851 | 23/02/2023 | 23/02/2023 | Libro impreso |
